00934nam a2200241 a 4500003000500000005001700005008004100022020001800063050002500081100001800106245006800124260003900192300006300231500004300294500012200337521001600459650001600475650002600491700001900517942001200536999001900548952012500567PILC20150228092731.0  a978125900791000aHF 5635b.W4738 2013 aWild, John J.00aPrinciples of financial accounting /bJohn J. Wild ... [et al.] aSingapore :bMcGraw-Hill,cc2013.  a1 v. (various pagings) :bcolored illustrations ;c28 cm.  aPrevious ed. entered under: J.J. Wild. aAsian adaptation of Fundamental accounting principles, 20th ed. by John J. Wild, Ken W. Shaw and Barbara Chiappetta.  aAccountancy 0aAccounting. 0aFinancial statements.1 aWild, John J.  2lcccBK c283653d283653 00102lcc40aCLbCLcRESd2015-02-28eLibrary Fundl0oHF 5635 .W4738 2013pC19146r2018-05-15 00:00:00w2015-02-28yBK